书目信息 |
| 题名: |
大学英语四级710分考试成功指南
|
|
| 作者: | 索玉柱 , 张敏 主编 | |
| 分册: | 词汇必备 | |
| 出版信息: | 西安 世界图书出版西安公司 2005 |
|
| 页数: | 355页 | |
| 开本: | 26cm | |
| 丛书名: | ||
| 单 册: | ||
| 中图分类: | H310.42 , H313.1 | |
| 科图分类: | ||
| 主题词: | 英语--高等学校--教学参考资料 , 英语--词汇--高等学校--教学参考资料 | |
| 电子资源: | ||
| ISBN: | 7-5062-7672-0 | |
| 000 | 00772n|m0 2200241 450 | |
| 001 | 1561390105 | |
| 005 | 20150119170329.35 | |
| 010 | @a7-5062-7672-0@dCNY25.00 | |
| 100 | @a20060124d2005 em y0chiy50 ea | |
| 101 | 0 | @achi@aeng |
| 102 | @aCN@b610000 | |
| 105 | @ay z 000yy | |
| 200 | 1 | @a大学英语四级710分考试成功指南@9da xue ying yu si ji 710 fen kao shi cheng gong zhi nan@i词汇必备@f索玉柱,张敏主编 |
| 210 | @a西安@c世界图书出版西安公司@d2005 | |
| 215 | @a355页@d26cm | |
| 606 | 0 | @a英语@x高等学校@j教学参考资料 |
| 606 | 0 | @a英语@x词汇@x高等学校@j教学参考资料 |
| 690 | @aH310.42@v5 | |
| 690 | @aH313.1@v5 | |
| 701 | 0 | @a索玉柱@9suo yu zhu@4主编 |
| 701 | 0 | @a张敏@9zhang min@c(大学英语)@4主编 |
| 801 | 0 | @aCN@bTSSF@c20150119 |
| 905 | @aZUCC@dH310.42@eJY1 | |
| 大学英语四级710分考试成功指南.词汇必备/索玉柱,张敏主编.-西安:世界图书出版西安公司,2005 |
| 355页;26cm |
| ISBN 7-5062-7672-0:CNY25.00 |
| ● |
| 相关链接 |
|
|
|
|
正题名:大学英语四级710分考试成功指南
索取号:H310.42/JY1
 
预约/预借
| 序号 | 登录号 | 条形码 | 馆藏地/架位号 | 状态 | 备注 |
| 1 | 7849305 | 278493051 | 学院路分馆/ [索取号:H310.42/JY1] | 在馆 |